[Event "I Festival Civitanova Mare A"]
[Site "Civitanova Marche ITA"]
[Date "2011.07.24"]
[Round "1"]
[White "Borgiani, Flavio"]
[Black "Mumelter, Igor"]
[WhiteElo "2156"]
[BlackElo "1884"]
[Result "1-0"]
[PlyCount "80"]
[EventDate "2011.07.24"]

1. d4 Nf6 2. Nf3 e6 3. c4 Bb4+ 4. Nbd2 b6 5. a3 Bxd2+ 6. Bxd2 Ne4 7. Bf4 d6 8.
Qc2 Bb7 9. e3 Nd7 10. Bd3 Ndf6 11. O-O-O h6 12. h4 Ng4 13. Bxe4 Bxe4 14. Qxe4
Nxf2 15. Qc6+ Ke7 16. Rhf1 Nxd1 17. Kxd1 Qd7 18. Qxd7+ Kxd7 19. e4 f6 20. d5 e5
21. Be3 g5 22. h5 Ke7 23. Nh2 Raf8 24. Ng4 Rh7 25. b4 Rhf7 26. Nxh6 Rh7 27.
Nf5+ Kd7 28. g4 a5 29. bxa5 bxa5 30. Kc2 Rb8 31. Rb1 Rxb1 32. Kxb1 a4 33. c5
dxc5 34. Bxc5 Ke8 35. Kc2 Kf7 36. Kc3 Rh8 37. Kb4 Rb8+ 38. Kxa4 Rb2 39. Bb4 Rg2
40. Kb5 Rxg4 1-0

[Event "I Festival Civitanova Mare A"]
[Site "Civitanova Marche ITA"]
[Date "2011.07.24"]
[Round "1"]
[White "Frontini, Fabio"]
[Black "Foglia, Maurizio"]
[WhiteElo "1919"]
[BlackElo "2213"]
[Result "1-0"]
[PlyCount "115"]
[EventDate "2011.07.24"]

1. e4 c5 2. Nf3 e6 3. c3 Nf6 4. d3 d6 5. g3 Nc6 6. Bg2 Qc7 7. O-O Be7 8. Be3
O-O 9. Nbd2 d5 10. Bf4 Qb6 11. Rb1 Rd8 12. e5 Nd7 13. Nb3 c4 14. Nbd4 cxd3 15.
Qxd3 Nc5 16. Qc2 Bd7 17. Ng5 Bxg5 18. Bxg5 Rdc8 19. Nxc6 Bxc6 20. Be3 Qb5 21.
Rfd1 Nd7 22. f4 Qa6 23. Bf1 Bb5 24. Bxb5 Qxb5 25. Bd4 g6 26. Qd3 Qxd3 27. Rxd3
b5 28. Kf2 a5 29. a3 a4 30. h3 Nb8 31. g4 Nc6 32. Be3 Na5 33. Rg1 Rc4 34. Kf3
Re4 35. Rd4 Nc4 36. Rxe4 dxe4+ 37. Kxe4 Nxb2 38. f5 Nc4 39. Bc5 Rd8 40. Bd6
Nxd6+ 41. exd6 Rxd6 42. f6 h6 43. Rb1 Rd5 44. h4 Rc5 45. Rb4 Kf8 46. c4 Rxc4+
47. Rxc4 bxc4 48. Kd4 Ke8 49. Kxc4 Kd7 50. Kb4 e5 51. Kxa4 Ke6 52. Kb5 Kxf6 53.
a4 e4 54. Kc4 Ke5 55. a5 Kf4 56. a6 e3 57. Kd3 Kf3 58. a7 1-0

[Event "I Festival Civitanova Mare A"]
[Site "Civitanova Marche ITA"]
[Date "2011.07.24"]
[Round "1"]
[White "Natoli, Domenico"]
[Black "Rinaudo, Sergio"]
[WhiteElo "1861"]
[BlackElo "2144"]
[Result "0-1"]
[PlyCount "98"]
[EventDate "2011.07.24"]

1. d4 d5 2. c4 dxc4 3. e4 e5 4. Nf3 exd4 5. Qxd4 Qxd4 6. Nxd4 Nf6 7. f3 Bb4+ 8.
Bd2 Bxd2+ 9. Nxd2 O-O 10. Bxc4 a6 11. a4 c5 12. Nc2 Nc6 13. a5 Ne5 14. Ne3 Rd8
15. O-O-O Kf8 16. Nd5 Nxd5 17. exd5 Bf5 18. b3 Rab8 19. Ne4 Bxe4 20. fxe4 b6
21. axb6 Rxb6 22. Kc2 Rdd6 23. h3 Rb4 24. Kc3 Rg6 25. Rd2 Rg3+ 26. Bd3 Rxe4 27.
Kc2 Nxd3 28. Rxd3 Rxg2+ 29. Kc3 Ree2 30. Rc1 Ke7 31. d6+ Kd7 32. Kc4 Rg5 33.
Ra1 Rc2+ 34. Rc3 Rxc3+ 35. Kxc3 Kxd6 36. Rxa6+ Kd5 37. Ra7 Rg3+ 38. Kc2 Rxh3
39. Rxf7 Rg3 40. Kd2 h6 41. Rf5+ Kd4 42. Rf4+ Ke5 43. Rf7 h5 44. Ke2 h4 45. Kf2
g5 46. Rc7 Rc3 47. Kg2 Kf4 48. Rf7+ Kg4 49. Rg7 Rxb3 0-1

[Event "I Festival Civitanova Mare A"]
[Site "Civitanova Marche ITA"]
[Date "2011.07.24"]
[Round "1"]
[White "Pedini, Dario"]
[Black "Pasquotto, Mirko"]
[WhiteElo "2188"]
[BlackElo "1904"]
[Result "1-0"]
[PlyCount "59"]
[EventDate "2011.07.24"]

1. e4 c5 2. Nc3 Nc6 3. g3 d6 4. Bg2 Nf6 5. d3 g6 6. f4 Bg7 7. Nf3 O-O 8. O-O a6
9. h3 Qc7 10. g4 e6 11. Be3 b5 12. Qe1 b4 13. Ne2 Ne8 14. e5 Ne7 15. Qf2 Nd5
16. exd6 Nxd6 17. Bxc5 Bxb2 18. Rab1 Bg7 19. Ne5 Bb7 20. Bxd5 Bxd5 21. Rxb4
Rfb8 22. c4 Rxb4 23. Bxb4 Bb7 24. Qc5 Qxc5+ 25. Bxc5 Rd8 26. Rb1 Bc8 27. Bxd6
Rxd6 28. Rb8 Rd8 29. Nc6 Re8 30. Rxc8 1-0

[Event "I Festival Civitanova Mare A"]
[Site "Civitanova Marche ITA"]
[Date "2011.07.24"]
[Round "1"]
[White "Teutsch, Alexander"]
[Black "Cereda, Loris"]
[WhiteElo "1896"]
[BlackElo "2164"]
[Result "0-1"]
[PlyCount "76"]
[EventDate "2011.07.24"]

1. d4 d5 2. c4 e6 3. Nc3 Nf6 4. Bg5 Nbd7 5. e3 c6 6. cxd5 exd5 7. Bd3 Be7 8.
Nge2 O-O 9. Qc2 Re8 10. O-O Nf8 11. f3 Nh5 12. Bxe7 Rxe7 13. e4 dxe4 14. fxe4
Qb6 15. Kh1 Bg4 16. Rae1 Rd8 17. e5 c5 18. Na4 Qh6 19. Qxc5 Bxe2 20. Qxe7 Bxf1
21. Bxh7+ Kxh7 22. Qxd8 Bxg2+ 23. Kxg2 Nf4+ 24. Kf2 N8e6 25. Qa5 Qxh2+ 26. Ke3
Qc2 27. Rh1+ Kg8 28. Nc3 Qd3+ 29. Kf2 Qd2+ 30. Kf3 Qg2+ 31. Ke3 Qxh1 32. d5
Qe1+ 33. Kf3 Qxe5 34. Qxa7 Ng5+ 35. Kg4 Nfh3 36. Qxb7 Qf4+ 37. Kh5 g6+ 38. Kh6
Qh4# 0-1

[Event "I Festival Civitanova Mare A"]
[Site "Civitanova Marche ITA"]
[Date "2011.07.24"]
[Round "1"]
[White "Voltolini, Giuseppe"]
[Black "Boraso, Alessio"]
[WhiteElo "2229"]
[BlackElo "1925"]
[Result "1/2-1/2"]
[PlyCount "55"]
[EventDate "2011.07.24"]

1. e4 c5 2. Nf3 Nc6 3. d4 cxd4 4. Nxd4 e5 5. Nb5 d6 6. N1c3 a6 7. Na3 Be6 8.
Nc4 Nf6 9. Bg5 Rc8 10. Ne3 Be7 11. Bxf6 Bxf6 12. Ncd5 Bg5 13. c3 O-O 14. Be2
Bxe3 15. Nxe3 Ne7 16. c4 Nc6 17. O-O Nd4 18. Qd2 Qh4 19. Bd3 Qf4 20. f3 f5 21.
Rad1 Rf6 22. Nxf5 Qxd2 23. Rxd2 Bxf5 24. exf5 Nxf5 25. Bxf5 Rxf5 26. b3 Rc6 27.
Rfd1 Rf6 28. Re1 1/2-1/2

[Event "I Festival Civitanova Mare A"]
[Site "Civitanova Marche ITA"]
[Date "2011.07.25"]
[Round "2"]
[White "Bonugli, Carlo"]
[Black "Frontini, Fabio"]
[WhiteElo "2047"]
[BlackElo "1919"]
[Result "1/2-1/2"]
[PlyCount "88"]
[EventDate "2011.07.24"]

1. e4 c6 2. d4 d5 3. e5 Bf5 4. Nf3 e6 5. Be2 c5 6. O-O Bg4 7. Nbd2 Nc6 8. c3
Bxf3 9. Nxf3 cxd4 10. cxd4 Nge7 11. Be3 g6 12. Qd2 Bg7 13. Rac1 O-O 14. Bd3 Qb6
15. Bb1 Rac8 16. Rc5 Nb8 17. Rfc1 Rxc5 18. Rxc5 Nd7 19. Rc1 Rc8 20. Rxc8+ Nxc8
21. h4 h5 22. Ng5 Ne7 23. b3 Nf8 24. Nh3 Nc6 25. f3 Qb4 26. Qxb4 Nxb4 27. Kf1
Nh7 28. Ke2 Bf8 29. Nf4 Be7 30. g3 Nf8 31. Nd3 Nc6 32. Bf2 f5 33. Nf4 Ba3 34.
Be3 Bb2 35. Kd3 Nb4+ 36. Kd2 Kf7 37. Nd3 Ba3 38. Nxb4 Bxb4+ 39. Ke2 Be7 40. Bd2
b5 41. Bd3 b4 42. Bb5 a5 43. Kd3 Nh7 44. f4 Bf8 1/2-1/2

[Event "I Festival Civitanova Mare A"]
[Site "Civitanova Marche ITA"]
[Date "2011.07.25"]
[Round "2"]
[White "Caruso, Augusto"]
[Black "Alidosi, Marco"]
[WhiteElo "2247"]
[BlackElo "1815"]
[Result "1-0"]
[PlyCount "61"]
[EventDate "2011.07.24"]

1. e4 e6 2. b3 b6 3. Bb2 Bb7 4. d3 d5 5. Nd2 Nf6 6. Qe2 c5 7. g3 Be7 8. Bg2 Na6
9. a3 Qd7 10. Ngf3 O-O 11. O-O Rad8 12. Rad1 Qc8 13. Rfe1 Nc7 14. h4 Nfe8 15.
Nf1 Bf6 16. e5 Be7 17. N1h2 d4 18. Ng5 Bxg2 19. Kxg2 Qa8+ 20. Kg1 Bxg5 21. hxg5
Nd5 22. Qh5 Ne7 23. Re4 g6 24. Qh3 Nf5 25. Ng4 h5 26. gxh6 Kh7 27. Nh2 g5 28.
Nf3 Rg8 29. Qh5 f6 30. exf6 Nxf6 31. Qf7+ 1-0

[Event "I Festival Civitanova Mare A"]
[Site "Civitanova Marche ITA"]
[Date "2011.07.25"]
[Round "2"]
[White "Cereda, Loris"]
[Black "Fasiello, Andrea"]
[WhiteElo "2164"]
[BlackElo "1969"]
[Result "1-0"]
[PlyCount "35"]
[EventDate "2011.07.24"]

1. e4 e5 2. Nf3 Nc6 3. Bc4 Bc5 4. c3 Nf6 5. d3 d6 6. Bb3 O-O 7. Bg5 Be6 8. Bc2
d5 9. Nbd2 dxe4 10. Nxe4 Be7 11. Bxf6 Bxf6 12. O-O Be7 13. Re1 h6 14. Ng3 Bd6
15. d4 exd4 16. Qd3 Re8 17. Qh7+ Kf8 18. Nf5 1-0

[Event "I Festival Civitanova Mare A"]
[Site "Civitanova Marche ITA"]
[Date "2011.07.25"]
[Round "2"]
[White "Chiarion, Elisa"]
[Black "Borgiani, Flavio"]
[WhiteElo "1964"]
[BlackElo "2156"]
[Result "0-1"]
[PlyCount "130"]
[EventDate "2011.07.24"]

1. e4 e6 2. b3 c5 3. Nf3 Nc6 4. Bb2 a6 5. c4 d5 6. exd5 exd5 7. d4 cxd4 8. Nxd4
Bb4+ 9. Nd2 Nf6 10. Nc2 Bf5 11. a3 Qe7+ 12. Be2 Bxd2+ 13. Qxd2 dxc4 14. O-O O-O
15. Bxc4 Rfd8 16. Nd4 Nxd4 17. Bxd4 b5 18. Be2 Rxd4 19. Qxd4 Qxe2 20. Rfe1 Qg4
21. Rad1 Qxd4 22. Rxd4 Be6 23. Rd3 h5 24. h3 a5 25. Re5 a4 26. bxa4 bxa4 27.
Rd4 Bb3 28. Rc5 Re8 29. Kf1 g6 30. f3 Re7 31. Kf2 Rd7 32. Ke3 Rxd4 33. Kxd4 Nd7
34. Rb5 Kf8 35. g4 hxg4 36. fxg4 Bd1 37. Ke3 Ke7 38. Kd2 Bf3 39. Rb4 Bc6 40.
Ke3 g5 41. Kd4 Kd6 42. Rb2 Ne5 43. Rf2 Ke6 44. Re2 f6 45. Kc5 Be8 46. Re4 Bd7
47. Re2 Kf7 48. Re4 Kg6 49. Re2 Nd3+ 50. Kd6 Bb5 51. Re3 Ne5 52. Re1 Nc4+ 53.
Kc5 Nxa3 54. Re3 Nb1 55. Re1 Bd3 56. Kb4 a3 57. Kb3 f5 58. gxf5+ Bxf5 59. Ka2
Nc3+ 60. Kxa3 Nd5 61. Kb3 Bxh3 62. Kc2 Kf5 63. Rg1 Kf4 64. Kd3 g4 65. Ke2 g3
0-1

[Event "I Festival Civitanova Mare A"]
[Site "Civitanova Marche ITA"]
[Date "2011.07.25"]
[Round "2"]
[White "Iori, Massimiliano"]
[Black "Pedini, Dario"]
[WhiteElo "2001"]
[BlackElo "2188"]
[Result "0-1"]
[PlyCount "168"]
[EventDate "2011.07.24"]

1. d4 f5 2. c4 Nf6 3. Nc3 e6 4. Nf3 d5 5. Bg5 c6 6. e3 Be7 7. Bxf6 Bxf6 8. Bd3
Qd6 9. Qc2 O-O 10. O-O Bd7 11. Rab1 b6 12. b4 Rc8 13. c5 Qc7 14. a4 g6 15. Rb3
Be8 16. Rc1 Bf7 17. Ne2 Nd7 18. Ba6 Rd8 19. Rc3 bxc5 20. bxc5 g5 21. Rb1 Rab8
22. Rcb3 Rxb3 23. Rxb3 Rb8 24. Rxb8+ Qxb8 25. Ne1 Bg6 26. f4 h6 27. Nd3 Bh5 28.
Ng3 Bf7 29. Ne2 Bh5 30. Ng3 Be8 31. Ne2 Bd8 32. g3 Ba5 33. Qb2 Qxb2 34. Nxb2
Nf6 35. h3 Kf8 36. Bd3 Bh5 37. Kf2 Ke7 38. Nd1 Kd7 39. Ndc3 Kc7 40. Na2 Ne4+
41. Bxe4 dxe4 42. Nac1 Kd8 43. Nb3 Bc7 44. Nd2 Kc8 45. Nc4 Kb7 46. Ke1 Ka6 47.
Kf2 Bf3 48. Kf1 gxf4 49. gxf4 Bh5 50. Nc3 Ba5 51. Ne2 Bd8 52. Nc3 Kb7 53. Nd6+
Kb8 54. Ne2 Kc7 55. a5 Be7 56. Nc4 Kb7 57. Nc3 Ka6 58. Ne5 Be8 59. Nc4 Bd8 60.
Ke2 Bh5+ 61. Ke1 Bxa5 62. Nxa5 Kxa5 63. Kd2 Kb4 64. Kc2 Bf3 65. Nb1 Be2 66. Nc3
Bd3+ 67. Kb2 a6 68. Nd1 Kc4 69. Nc3 Bf1 70. h4 Kd3 71. d5 exd5 72. Nxd5 Kd2 73.
Ne7 Kxe3 74. Nxc6 Kxf4 75. Nd4 a5 76. c6 Ba6 77. Ka3 Ke5 78. Nc2 f4 79. c7 f3
80. Ka4 f2 81. Ne3 Bc8 82. Kxa5 Kd4 83. Nf1 e3 84. Ng3 Ke5 0-1

[Event "I Festival Civitanova Mare A"]
[Site "Civitanova Marche ITA"]
[Date "2011.07.25"]
[Round "2"]
[White "Rinaudo, Sergio"]
[Black "Andrenelli, Adriano"]
[WhiteElo "2144"]
[BlackElo "1944"]
[Result "1-0"]
[PlyCount "59"]
[EventDate "2011.07.24"]

1. d4 Nf6 2. Nf3 b6 3. c4 Bb7 4. e3 e6 5. Nc3 Bb4 6. a3 Bxc3+ 7. bxc3 Ne4 8.
Qc2 O-O 9. Bd3 f5 10. O-O d6 11. Nd2 Nxd2 12. Bxd2 Qf6 13. e4 Nd7 14. Rae1 g6
15. Bh6 Rf7 16. f4 Nf8 17. Re3 c5 18. e5 Qd8 19. d5 dxe5 20. fxe5 Qd7 21. Rg3
Kh8 22. h4 Re8 23. h5 exd5 24. Bxf8 Rexf8 25. hxg6 hxg6 26. Rxg6 Rh7 27. Bxf5
Qc7 28. Rd6 Rg8 29. Bxh7 Rxg2+ 30. Qxg2 1-0

[Event "I Festival Civitanova Mare A"]
[Site "Civitanova Marche ITA"]
[Date "2011.07.26"]
[Round "3"]
[White "Andrenelli, Adriano"]
[Black "Laketic, Gojko"]
[WhiteElo "1944"]
[BlackElo "2439"]
[Result "0-1"]
[PlyCount "60"]
[EventDate "2011.07.24"]

1. e4 e5 2. Bc4 Nf6 3. d3 c6 4. Bb3 Bc5 5. Nf3 d6 6. Qe2 Nbd7 7. c3 Bb6 8. O-O
O-O 9. d4 Re8 10. Nbd2 d5 11. Qd1 exd4 12. cxd4 Nxe4 13. Nxe4 Rxe4 14. Bc2 Re7
15. Qd3 Nf8 16. Bd2 Re4 17. Be3 Re8 18. Bg5 f6 19. Bh4 Be6 20. Rae1 Qd7 21. Bg3
Bf7 22. Qd2 Bg6 23. Bxg6 hxg6 24. Rxe8 Rxe8 25. Re1 Re4 26. h3 Ne6 27. Rxe4
dxe4 28. Nh4 Nxd4 29. Qe1 g5 30. Ng6 Qe8 0-1

[Event "I Festival Civitanova Mare A"]
[Site "Civitanova Marche ITA"]
[Date "2011.07.26"]
[Round "3"]
[White "Borgiani, Flavio"]
[Black "Cereda, Loris"]
[WhiteElo "2156"]
[BlackElo "2164"]
[Result "1/2-1/2"]
[PlyCount "53"]
[EventDate "2011.07.24"]

1. d4 d5 2. Nf3 Nf6 3. c4 e6 4. Nc3 c6 5. e3 Nbd7 6. Qc2 Bd6 7. g4 Nxg4 8. Rg1
Qf6 9. Rxg4 Qxf3 10. Rxg7 Nf6 11. h3 Bd7 12. Rg5 Ne4 13. Bg2 Qf6 14. Nxe4 dxe4
15. Rg4 e5 16. dxe5 Bxe5 17. Rxe4 O-O-O 18. f4 Bc7 19. Rd4 Rde8 20. Kf1 Bf5 21.
Qc3 Rhg8 22. Re4 Qxc3 23. Rxe8+ Rxe8 24. bxc3 Bd3+ 25. Kf2 Bb6 26. Bf3 Bxc4 27.
Be2 1/2-1/2

[Event "I Festival Civitanova Mare A"]
[Site "Civitanova Marche ITA"]
[Date "2011.07.26"]
[Round "3"]
[White "Frontini, Fabio"]
[Black "Caruso, Augusto"]
[WhiteElo "1919"]
[BlackElo "2247"]
[Result "0-1"]
[PlyCount "78"]
[EventDate "2011.07.24"]

1. e4 e6 2. d4 d5 3. e5 c5 4. c3 Qb6 5. a3 Nc6 6. Nf3 Nh6 7. b4 cxd4 8. cxd4
Nf5 9. Be3 Bd7 10. Be2 Be7 11. O-O f6 12. b5 Na5 13. a4 Rc8 14. Bd3 Nc4 15.
Bxf5 exf5 16. Bf4 O-O 17. Nc3 Be6 18. a5 Nxa5 19. exf6 Bxf6 20. Qa4 Rxc3 21.
Qxa5 Qxa5 22. Rxa5 Rb3 23. Rxa7 Rxb5 24. g3 Rc8 25. Re1 Bf7 26. Ne5 g5 27. Nxf7
Kxf7 28. Be3 Rc4 29. Rd1 f4 30. gxf4 gxf4 31. Bxf4 Rxd4 32. Rxd4 Bxd4 33. Ra2
Rb2 34. Rxb2 Bxb2 35. Kf1 Ke6 36. Ke2 Be5 37. Bg3 Bxg3 38. hxg3 b5 39. f4 h5
0-1

[Event "I Festival Civitanova Mare A"]
[Site "Civitanova Marche ITA"]
[Date "2011.07.26"]
[Round "3"]
[White "Pedini, Dario"]
[Black "Rinaudo, Sergio"]
[WhiteElo "2188"]
[BlackElo "2144"]
[Result "1-0"]
[PlyCount "101"]
[EventDate "2011.07.24"]

1. e4 e5 2. Nf3 Nf6 3. Nxe5 d6 4. Nf3 Nxe4 5. d4 d5 6. Bd3 Nc6 7. O-O Be7 8.
Re1 Bg4 9. c3 f5 10. Nbd2 Qd6 11. Qc2 O-O 12. b4 a6 13. a4 Kh8 14. h3 Bh5 15.
Ba3 Nxd2 16. Nxd2 Qf6 17. Qb3 Qg5 18. Be2 Bxe2 19. Rxe2 f4 20. Nf3 Qh5 21. Rae1
Bd6 22. c4 dxc4 23. Qxc4 a5 24. b5 Nb4 25. Rd1 h6 26. d5 Rfe8 27. Re6 Red8 28.
Bb2 Kg8 29. Qe4 Rf8 30. b6 Qf7 31. Rg6 Rfe8 32. Qb1 Bf8 33. bxc7 Nxd5 34. Ne5
Qxc7 35. Rxd5 Rad8 36. Qd3 Rc8 37. Rd7 Qc2 38. Qxc2 Rxc2 39. Bd4 Rd2 40. Bb6
Ra2 41. Bd4 Rxa4 42. Nf3 Re7 43. Rd8 b5 44. Rb6 Rf7 45. Rbb8 Rf5 46. Nh4 Rf7
47. Ng6 Kh7 48. Nxf8+ Rxf8 49. Rxf8 Rxd4 50. Rh8+ Kg6 51. Rxb5 1-0

[Event "I Festival Civitanova Mare A"]
[Site "Civitanova Marche ITA"]
[Date "2011.07.26"]
[Round "3"]
[White "Rigo, Gianfrancesco"]
[Black "Bonugli, Carlo"]
[WhiteElo "2011"]
[BlackElo "2047"]
[Result "1-0"]
[PlyCount "77"]
[EventDate "2011.07.24"]

1. e4 e6 2. d4 d5 3. Nc3 Nf6 4. Bg5 Be7 5. e5 Nfd7 6. Bxe7 Qxe7 7. f4 a6 8. Nf3
c5 9. dxc5 Nc6 10. Qd2 Qxc5 11. O-O-O b5 12. Bd3 b4 13. Ne2 Nb6 14. Ned4 Nxd4
15. Nxd4 O-O 16. Qe1 Nc4 17. Qh4 g6 18. Nf3 Bb7 19. Qh6 Qe7 20. h4 Ne3 21. Rde1
Ng4 22. Qg5 Qxg5 23. hxg5 Kg7 24. Re2 a5 25. Rh4 h5 26. gxh6+ Nxh6 27. g4 d4
28. Ng5 Rh8 29. Reh2 Bd5 30. Kb1 Nxg4 31. Rh7+ Rxh7 32. Rxh7+ Kg8 33. Rxf7 Nh6
34. Rf6 Nf5 35. Rxg6+ Kf8 36. Nxe6+ Bxe6 37. Rxe6 Ne7 38. Rd6 Kf7 39. Rxd4 1-0

[Event "I Festival Civitanova Mare A"]
[Site "Civitanova Marche ITA"]
[Date "2011.07.26"]
[Round "3"]
[White "Rinaudo, Andrea"]
[Black "Boraso, Alessio"]
[WhiteElo "2090"]
[BlackElo "1925"]
[Result "1-0"]
[PlyCount "48"]
[EventDate "2011.07.24"]

1. e4 d5 2. exd5 Nf6 3. Bb5+ Bd7 4. Bc4 Bg4 5. f3 Bf5 6. Nc3 c6 7. dxc6 Nxc6 8.
Nge2 e5 9. O-O Bc5+ 10. Kh1 h5 11. Ng3 Qd7 12. Nxf5 Qxf5 13. Ne4 Be7 14. d3 h4
15. Nxf6+ gxf6 16. f4 Qg6 17. fxe5 O-O-O 18. exf6 Rdg8 19. Qf3 h3 20. g3 Nd4
21. Qf2 Bd6 22. Qxd4 Bxg3 23. Qe4 Be5 24. Qxg6 Rxg6 1-0

[Event "I Festival Civitanova Mare A"]
[Site "Civitanova Marche ITA"]
[Date "2011.07.27"]
[Round "4"]
[White "Caruso, Augusto"]
[Black "Borgiani, Flavio"]
[WhiteElo "2247"]
[BlackElo "2156"]
[Result "1-0"]
[PlyCount "67"]
[EventDate "2011.07.24"]

1. d4 Nf6 2. Nc3 d5 3. Bg5 Nbd7 4. Nf3 c6 5. Qd3 Qa5 6. Bd2 e6 7. e4 dxe4 8.
Nxe4 Qb6 9. O-O-O Nxe4 10. Qxe4 Nf6 11. Qh4 c5 12. Bg5 Be7 13. Ne5 cxd4 14.
Rxd4 Nd5 15. Bxe7 Nxe7 16. Nc4 Qc7 17. Nd6+ Kf8 18. Nb5 Qa5 19. b4 Qb6 20. c4
Bd7 21. Rxd7 Nf5 22. Qf4 Rc8 23. c5 a6 24. Nd6 Nxd6 25. Qxd6+ Qxd6 26. Rxd6 a5
27. a3 Ke7 28. Bb5 axb4 29. axb4 Rc7 30. Rhd1 Rhc8 31. Kb2 g6 32. Rd7+ Kf8 33.
Rxc7 Rxc7 34. Rd7 1-0

[Event "I Festival Civitanova Mare A"]
[Site "Civitanova Marche ITA"]
[Date "2011.07.27"]
[Round "4"]
[White "Cereda, Loris"]
[Black "Rinaudo, Andrea"]
[WhiteElo "2164"]
[BlackElo "2090"]
[Result "1/2-1/2"]
[PlyCount "36"]
[EventDate "2011.07.24"]

1. e4 c5 2. c3 d5 3. exd5 Qxd5 4. d4 Nc6 5. Nf3 Bg4 6. Be2 cxd4 7. cxd4 e6 8.
O-O Nf6 9. Nc3 Qa5 10. Qb3 Qb4 11. Qxb4 Bxb4 12. Be3 O-O 13. h3 Bh5 14. Rac1
Rfd8 15. Rfd1 h6 16. g4 Bg6 17. Ne5 Nxe5 18. dxe5 Bxc3 1/2-1/2

[Event "I Festival Civitanova Mare A"]
[Site "Civitanova Marche ITA"]
[Date "2011.07.27"]
[Round "4"]
[White "Laketic, Gojko"]
[Black "Di Mantino, Mauro"]
[WhiteElo "2439"]
[BlackElo "1954"]
[Result "1-0"]
[PlyCount "63"]
[EventDate "2011.07.24"]

1. d4 Nf6 2. Nf3 g6 3. c4 Bg7 4. Nc3 O-O 5. e4 d6 6. Be2 e5 7. d5 Nbd7 8. Bg5
h6 9. Bh4 g5 10. Bg3 Nc5 11. Nd2 a5 12. O-O Bd7 13. b3 c6 14. Re1 Qb6 15. a3
Rfc8 16. Rb1 cxd5 17. cxd5 Bf8 18. Bf1 Kg7 19. Nc4 Qa7 20. a4 Ncxe4 21. Nxe4
Nxe4 22. Rxe4 f5 23. Rxe5 dxe5 24. Bxe5+ Kh7 25. Bd3 Bc5 26. Qf3 Rf8 27. g4 Kg6
28. h4 Rae8 29. gxf5+ Kh7 30. f6+ Kg8 31. hxg5 hxg5 32. Bh7+ 1-0

[Event "I Festival Civitanova Mare A"]
[Site "Civitanova Marche ITA"]
[Date "2011.07.27"]
[Round "4"]
[White "Rigo, Gianfrancesco"]
[Black "Pedini, Dario"]
[WhiteElo "2011"]
[BlackElo "2188"]
[Result "0-1"]
[PlyCount "92"]
[EventDate "2011.07.24"]

1. e4 e5 2. Bc4 Nc6 3. Nf3 Bc5 4. c3 Qe7 5. O-O d6 6. d4 Bb6 7. Re1 Nf6 8. b4
a6 9. d5 Nd8 10. Be3 Bxe3 11. Rxe3 O-O 12. Nbd2 Kh8 13. Bd3 g6 14. Re1 Ng4 15.
h3 Nh6 16. Nh2 Rg8 17. Qc1 f5 18. f4 Ndf7 19. Nhf3 Qf6 20. fxe5 dxe5 21. Nc4 f4
22. Qa3 g5 23. b5 g4 24. hxg4 Nxg4 25. bxa6 b5 26. Nb2 Qb6+ 27. Kh1 Nd6 28. Nd1
Rg6 29. Ng1 Rxa6 30. Qb2 Ra4 31. Rb1 Bd7 32. Qb3 Qc5 33. Rb2 Rh6+ 34. Nh3 Ra3
35. Qc2 Nf6 36. Qf2 Qxf2 37. Ndxf2 Rxc3 38. Kg1 Rg6 39. Kf1 f3 40. g4 Nxg4 41.
Nxg4 Rxg4 42. Nf2 Rg2 43. Bb1 b4 44. Rd1 Bb5+ 45. Ke1 Rg1+ 46. Kd2 Nc4# 0-1

[Event "I Festival Civitanova Mare A"]
[Site "Civitanova Marche ITA"]
[Date "2011.07.27"]
[Round "4"]
[White "Rinaudo, Sergio"]
[Black "Teutsch, Alexander"]
[WhiteElo "2144"]
[BlackElo "1896"]
[Result "1-0"]
[PlyCount "105"]
[EventDate "2011.07.24"]

1. d4 c5 2. e3 Nf6 3. Nf3 g6 4. c4 cxd4 5. exd4 d5 6. Nc3 Bg7 7. Qb3 dxc4 8.
Bxc4 O-O 9. Ne5 e6 10. Be3 a6 11. O-O Qc7 12. Rfd1 b5 13. Be2 Nbd7 14. Bf4 Qb6
15. a4 bxa4 16. Qa3 Qb3 17. Nxa4 Qxa3 18. Rxa3 Bb7 19. Nxd7 Nxd7 20. Nc5 Nxc5
21. dxc5 Rfc8 22. b4 Bf8 23. Rd7 Bc6 24. Rc7 Rxc7 25. Bxc7 Bb7 26. Bb6 e5 27.
Bc4 Kg7 28. f3 Kf6 29. Rd3 Be7 30. Kf2 Bc6 31. Ra3 Bb7 32. Ke3 Bf8 33. Rd3 Be7
34. Kd2 Bc6 35. Ra3 Bb7 36. Kc3 h6 37. Bd3 Ke6 38. Bc4+ Kf6 39. Ra2 Kg7 40. Rd2
Bc6 41. Bd5 Rc8 42. Bxc6 Rxc6 43. Rd7 Bf6 44. Kc4 Re6 45. Rd6 Re8 46. c6 e4 47.
fxe4 Rxe4+ 48. Bd4 Bxd4 49. Rxd4 Re2 50. Kc5 Rxg2 51. c7 Rxh2 52. c8=Q Rc2+ 53.
Rc4 1-0

[Event "I Festival Civitanova Mare A"]
[Site "Civitanova Marche ITA"]
[Date "2011.07.27"]
[Round "4"]
[White "Varvaglione, Antonio"]
[Black "Chiarion, Elisa"]
[WhiteElo "1936"]
[BlackElo "1964"]
[Result "1/2-1/2"]
[PlyCount "104"]
[EventDate "2011.07.24"]

1. e4 c5 2. Nf3 a6 3. c3 e6 4. d4 d5 5. e5 Bd7 6. Bd3 Bb5 7. Bc2 a5 8. Na3 Ba6
9. Ba4+ Nd7 10. Nb5 Qb6 11. Qe2 h5 12. O-O Nh6 13. Be3 Nf5 14. dxc5 Bxc5 15.
Bxc5 Qxc5 16. Nfd4 Nxd4 17. cxd4 Bxb5 18. Qxb5 Qxb5 19. Bxb5 Ke7 20. Rac1 Rac8
21. f4 g6 22. Kf2 Nb8 23. Ke3 Nc6 24. Rc5 Na7 25. Rfc1 Rxc5 26. Rxc5 Rc8 27.
Rxc8 Nxc8 28. Kd3 Kd8 29. Kc3 Ne7 30. Bd3 Nc6 31. a3 Kc7 32. Bb5 Nd8 33. Be8
Kb6 34. b4 axb4+ 35. Kxb4 Nc6+ 36. Bxc6 Kxc6 37. Ka5 b6+ 38. Ka6 Kc7 39. Kb5
Kb7 40. a4 Kc7 41. a5 bxa5 42. Kxa5 Kc6 43. Ka6 Kc7 44. Kb5 Kb7 45. Kc5 Kc7 46.
g3 Kd7 47. Kb6 Kd8 48. Kc6 Kc8 49. Kd6 Kd8 50. h3 Ke8 51. g4 hxg4 52. hxg4 Kd8
1/2-1/2

[Event "I Festival Civitanova Mare A"]
[Site "Civitanova Marche ITA"]
[Date "2011.07.28"]
[Round "5"]
[White "Borgiani, Flavio"]
[Black "Varvaglione, Antonio"]
[WhiteElo "2156"]
[BlackElo "1936"]
[Result "1-0"]
[PlyCount "85"]
[EventDate "2011.07.24"]

1. d4 Nf6 2. Nf3 g6 3. c4 Bg7 4. Nc3 d6 5. g3 O-O 6. Bg2 Nc6 7. O-O e5 8. d5
Ne7 9. e4 a5 10. Ne1 Nd7 11. Nd3 f5 12. f4 Re8 13. exf5 Nxf5 14. Ne4 exf4 15.
Nxf4 Ne5 16. Ne6 Bxe6 17. dxe6 h6 18. g4 Nd4 19. Bxh6 Ndf3+ 20. Rxf3 Bxh6 21.
Nf6+ Kg7 22. Nxe8+ Qxe8 23. Rb3 Qxe6 24. Qd5 Qxg4 25. Rxb7 Be3+ 26. Kh1 Rc8 27.
Rf1 Qd4 28. Qe6 Ng4 29. Qxc8 Nf2+ 30. Rxf2 Bxf2 31. Rxc7+ Kh6 32. Qf8+ Kg5 33.
Bf3 Qd2 34. h4+ Kxh4 35. Qf6+ g5 36. Qh6+ Kg3 37. Qh2+ Kxf3 38. Rf7+ Ke3 39.
Re7+ Kf3 40. Qg2+ Kf4 41. Re4+ Kf5 42. Qf3+ Kg6 43. Re6+ 1-0

[Event "I Festival Civitanova Mare A"]
[Site "Civitanova Marche ITA"]
[Date "2011.07.28"]
[Round "5"]
[White "Cereda, Loris"]
[Black "Rigo, Gianfrancesco"]
[WhiteElo "2164"]
[BlackElo "2011"]
[Result "1-0"]
[PlyCount "123"]
[EventDate "2011.07.24"]

1. e4 c5 2. Nc3 Nc6 3. f4 g6 4. Nf3 Bg7 5. Bb5 Nd4 6. Bc4 d6 7. O-O e6 8. d3
Ne7 9. Nxd4 cxd4 10. Ne2 O-O 11. Bb3 Bd7 12. Qe1 a5 13. a3 a4 14. Ba2 Qc7 15.
f5 exf5 16. Qh4 Be6 17. Bg5 Bxa2 18. Bxe7 Rfe8 19. Bf6 Bd5 20. Nf4 Bc6 21. Nh5
Bh6 22. Bxd4 Be3+ 23. Bxe3 gxh5 24. Qg5+ Kf8 25. Rxf5 Re5 26. Qh6+ Ke8 27. Raf1
Rxf5 28. Rxf5 Ra5 29. Qxh5 Rxf5 30. Qxf5 Bd7 31. Qf2 Qa5 32. Bd2 Qc5 33. Be3
Qb5 34. Bd4 Qg5 35. Be3 Qb5 36. c4 Qb3 37. Qd2 b5 38. c5 d5 39. e5 Bf5 40. d4
Kd7 41. h3 Kc6 42. Qf2 Qc2 43. Qxc2 Bxc2 44. g4 Bd3 45. h4 b4 46. Kf2 Kb5 47.
Bd2 bxa3 48. bxa3 Kc4 49. Ke3 Bf1 50. c6 Kb3 51. Bb4 Ba6 52. Kf4 Kc4 53. Bc5
Kb5 54. c7 Kc6 55. Bd6 Bc8 56. Kg5 Kb5 57. Kf6 Be6 58. Kg7 Kc4 59. Bc5 Kd3 60.
g5 Ke4 61. Kxh7 Kf5 62. Kg7 1-0